| 000 | 00453nam a2200181Ia 4500 | ||
|---|---|---|---|
| 001 | 3497 | ||
| 005 | 20260306145648.0 | ||
| 008 | 260306t1994||||xx |||||||||||||| ||spa|| | ||
| 041 | _aESP | ||
| 082 |
_a282.092 _bL22 |
||
| 100 |
_aLandázuri Ricketts, Juan Card. _eAUT |
||
| 245 | 0 | _aRecuerdos de un pastor al servicio del pueblo | |
| 260 | _c1994 | ||
| 300 |
_a175 páginas : _c20 cm. |
||
| 650 | _aGEN | ||
| 654 | _aCHU | ||
| 942 |
_cLIB _dJUS _fJUS _2ddc _n |
||
| 999 |
_c3497 _d3497 |
||